00438nam a22001337a 4500008004100000040005500041080001400096100001800110245009100128260004800219300001000267650001400277653001300291230705b |||||||| |||| 00| 0 eng d aNational Science LibrarycNational Science Library a613.2bM4 aMason, John B aNutritional surveillance c/ Organisation for Economics Co-operation and Development,  aGeneva: bWorld Health Organization, c1970 a194p. aDiseases  aScience